| 000 | 00554nam a2200193 a 4500 | ||
|---|---|---|---|
| 001 | 0102 | ||
| 005 | 20140414131900.0 | ||
| 008 | 040728s19uu xx 00 eng d | ||
| 020 | _a0-86163-406-3 | ||
| 050 |
_aFIC _bB56 1989 |
||
| 100 | _aBlyton, Enid | ||
| 245 |
_aPretty star and pony and other stories / _cby Enid Blyton ; illustrated by Sally Gregory. |
||
| 260 |
_aLondon : _bAward Publications, _c1989. |
||
| 300 | _a192 p. : ill. ; cm. | ||
| 440 | _aEnid Blyton | ||
| 650 | _aShort stories. | ||
| 650 | _aChildren stories. | ||
| 999 |
_c110619 _d110619 |
||